000 00496nam a2200157 i 4500
001 52707
003 ES-MaACL
007 t|
008 030903m19061909fr ||||1| fre d
100 1 _aDebidour, Antoine.
_943123
245 1 2 _aL'Eglise catholique et l'etat sous la troisieme République
_b: (1870-1906) /
_cpar Antoine Debidour.
260 _aParis :
_bAlcan,
_c1906-09.
300 _a2 v. ;
_c23 cm.
505 8 _aContiene: T. I: 1870-1889. -- T. II: 1889-1906
852 _aES-MaACL
_jG-7174-5
999 _c52707
_d52707